01913nam a2200301 a 4500001001000000005001700010008004100027041000800068044000700076084002000083100004500103245012500148260003000273300002200303500026400325500008300589500050400672500006101176500004201237500001001279546002501289650005201314650005601366650003401422650004501456700006001501740005001561BRCA_305820190320204105.0230109s1798----fr-a---###---#000-0#fre-u afre afr a364b.D84c17981 aCervantes Saavedra, Miguel ded1547-161610aHistoire de L´Admirable Don Quichotte de la ManchecMiguel de Cervantes Saavedra ; Traduit par Filleau de Saint-Martin. aParísbFr. Dufartc1798 a4 v.bil.c23 cm. aContenido : v 1. Primera parte. Retrato de Cervantes. Prólogo del autor. Texto. -- v 2. Texto. -- v 3. Segunda parte. Texto. Primera parte de la continuación escrita por el traductor. v 4. Segunda parte de la continuación escrita por el traductor. Texto aEdición : Nouvelle Edition Revuée, Corrigée et Augmentée, Avec Figures aAunque esta edición tiene sólo cuatro tomos, lleva también la continuación de Saint-Martin. parece haber tenido por modelo la parisiense de 1752, pues contiene como ella el prólogo de Cervantes, traducido por Thémiseul de Saint Hyacinthe. Va adornada con el retrato de Cervantes, copiado por F. N. Quevedo de la edición académica publicada en 1780; y con láminas de Coypel, de nuevo grabadas por Collet. Impresión y papel muy buenos. Piel; lomos y planos dorados Lúdovik Osterc aEstado físico : El volumen 4 tiene el lomo deteriorado aCon ex-libris de : T. Gordon Caufield aQM286 aTexto en : francés14aNovela españolayÉpoca clásica, 1500-170014aLiteratura españolayÉpoca clásica, 1500-170014aNovela españolaySiglo XVII14aDon Quijote (Personaje ficticio)eNovela1 aSaint-Martin, Francois Filleau ded1632-1695eTraductor0 aEl Ingenioso Hidalgo Don Quijote de la Mancha